Suhit Damani
N/A
Categories
Science - Chemistry | 0 | 2 | 0 | 0 | 20 | 68 | 95.00 | 0 | 0 |
Science - Biology | 0 | 2 | 0 | 0 | 20 | 76 | 90.50 | 0 | 0 |
Science - Physics | 0 | 2 | 0 | 0 | 20 | 111 | 114.00 | 0 | 0 |
Fine Arts - Miscellaneous | 0 | 1 | 0 | 0 | 10 | 113 | 113.00 | 0 | 0 |
History - American | 0 | 1 | 0 | 0 | 10 | 128 | 128.00 | 0 | 0 |
Science - Astronomy | 0 | 1 | 0 | 0 | 10 | 118 | 118.00 | 0 | 0 |
Science - Math | 0 | 1 | 0 | 0 | 10 | 115 | 115.00 | 0 | 0 |
Fine Arts - Painting | 0 | 0 | 0 | 0 | 0 | 0.00 | 0 | 0 | |
Literature - European | 0 | 0 | 0 | 0 | 0 | 0.00 | 0 | 0 | |
History - European | 0 | 0 | 0 | 0 | 0 | 0.00 | 0 | 0 | |
Other - Other Academic and General Knowledge | 0 | 0 | 0 | 0 | 0 | 0.00 | 0 | 0 | |
RMP - World Mythology | 0 | 0 | 0 | 0 | 0 | 0.00 | 0 | 0 |